Normal view MARC view
  • Herrero, Lola,

Entry Nombre Personal

Number of records used in: 3

001 - NUMERO DE CONTROL

  • campo de control: 43732

003 - IDENTIFICADOR DE NUMERO DE CONTROL

  • campo de control: UPN

005 - FECHA Y HORA DE LA ÜLTIMA TRANSACCIÓN

  • campo de control: 20220215095613.0

008 - DATOS DE LONGITUD FIJA

  • campo de control de longitud fija: 220215n| aca||aa|n | aaa d

040 ## - FUENTE DE CATALOGACIÓN

  • Agencia original de catalogación: UPN

053 #4 - NÚMERO DE CLASIFICACIÓN LC

  • Número de clasificación elemento-número único o número inicial de tramo: PQ6708 E7.7

100 1# - ENCABEZAMIENTO - NOMBRE PERSONAL

  • Nombre personal: Herrero, Lola,
  • Fechas asociadas con el nombre: 1961-

400 1# - VEÁSE - NOMBRE DE PERSONA

  • Personal name: Herrero, Dolores,
  • Dates associated with a name: 1961-

670 ## - FUENTE EN LA QUE SE LOCALIZARON DATOS

  • Cita de la fuente: LC

680 ## - NOTA PUBLICA DE ACCESO PÚBLICO

  • Frase explicativa de la referencia: Abogada y escritora española

902 ## - CATALOGADOR

  • Catalogador: CAA/150222